LEADER 02792nam 2200673 a 450 001 9910456722303321 005 20210614055547.0 010 $a1-283-23368-1 010 $a9786613233684 010 $a0-7391-6652-2 035 $a(CKB)2550000000045460 035 $a(EBL)753242 035 $a(OCoLC)753480128 035 $a(SSID)ssj0000535215 035 $a(PQKBManifestationID)12183965 035 $a(PQKBTitleCode)TC0000535215 035 $a(PQKBWorkID)10521419 035 $a(PQKB)10066675 035 $a(SSID)ssj0000790491 035 $a(PQKBManifestationID)12380584 035 $a(PQKBTitleCode)TC0000790491 035 $a(PQKBWorkID)10746939 035 $a(PQKB)10249351 035 $a(MiAaPQ)EBC753242 035 $a(Au-PeEL)EBL753242 035 $a(CaPaEBR)ebr10493717 035 $a(CaONFJC)MIL323368 035 $a(EXLCZ)992550000000045460 100 $a20110519d2011 uy 0 101 0 $aeng 135 $aur|n|---||||| 181 $ctxt 182 $cc 183 $acr 200 10$aCommunication and the globalization of culture$b[electronic resource] $ebeyond tradition and borders /$fShaheed Nick Mohammed 210 $aLanham, Md. $cLexington Books$dc2011 215 $a1 online resource (211 p.) 300 $aDescription based upon print version of record. 311 $a0-7391-8097-5 311 $a0-7391-6651-4 320 $aIncludes bibliographical references and index. 327 $aCulture, humankind and society -- The birth of culture -- Conquest, imperialism and culture -- Neo imperialism, media and culture -- New mythology, new media and the globalization of culture -- Corporate domination of cultural product -- Cultural erosion and globalization -- Counterculture and cultural imaginations -- Long live culture? 330 $a"Communication and the Globalization of Culture: Beyond Tradition and Borders", by Shaheed Nick Mohammed, examines the modern and historical evolution of conceptualizations of culture as well as the concept of culture itself. The book suggests that modern corporate globalized media technologies do not destroy culture, but rather force us to re-think how we have conceptualized the differences, uniqueness, and similarities between ""the other"" and ourselves. 606 $aCulture and globalization 606 $aCommunication 606 $aMass media 608 $aElectronic books. 615 0$aCulture and globalization. 615 0$aCommunication. 615 0$aMass media. 676 $a303.48/209 700 $aMohammed$b S. Nick$f1968-$0961307 801 0$bMiAaPQ 801 1$bMiAaPQ 801 2$bMiAaPQ 906 $aBOOK 912 $a9910456722303321 996 $aCommunication and the globalization of culture$92179501 997 $aUNINA LEADER 04698nam 22008655 450 001 9910298631003321 005 20200703235519.0 010 $a3-662-45695-8 024 7 $a10.1007/978-3-662-45695-8 035 $a(CKB)3710000000311758 035 $a(EBL)1968586 035 $a(OCoLC)908090118 035 $a(SSID)ssj0001407998 035 $a(PQKBManifestationID)11806474 035 $a(PQKBTitleCode)TC0001407998 035 $a(PQKBWorkID)11412379 035 $a(PQKB)11676931 035 $a(DE-He213)978-3-662-45695-8 035 $a(MiAaPQ)EBC1968586 035 $a(PPN)183150538 035 $a(EXLCZ)993710000000311758 100 $a20141204d2015 u| 0 101 0 $aeng 135 $aur|n|---||||| 181 $ctxt 182 $cc 183 $acr 200 10$aBiocompatible Graphene for Bioanalytical Applications /$fby Yuwei Hu, Fenghua Li, Dongxue Han, Li Niu 205 $a1st ed. 2015. 210 1$aBerlin, Heidelberg :$cSpringer Berlin Heidelberg :$cImprint: Springer,$d2015. 215 $a1 online resource (122 p.) 225 1 $aSpringerBriefs in Molecular Science,$x2191-5407 300 $aDescription based upon print version of record. 311 $a3-662-45694-X 320 $aIncludes bibliographical references. 327 $aIntroduction -- Graphene for DNA Biosensing -- Graphene for Amino Acid, Peptide, Protein and Enzyme Detection -- Graphene for Glucose, Dopamine, Ascorbic Acid and Uric Acid Detection -- Graphene for Detetion of Adenosine Triphosphate, Nicotinamide Adenine Dinucleotide, Other Molecules, Gas and Ions -- Graphene in Drug Delivery, Cellular Imaging, Bacteria Inhibition, Versatile Targets Bioassays -- Conclusions and Perspectives. 330 $aThis book highlights the latest advances in the use of graphene and bio-compatible-material-decorated graphene to detect various targets (e.g. DNA, RNA, amino acids, peptides, proteins, enzymes, antigens, glucose, DA, AA, UA, ATP, NADH, gas, ions, etc.). It focuses on the specific interaction of these substances with graphene (or modified graphene) and the efficient transduction of the target recognition event into detectable signals via various techniques. Particular emphasis is given to well-designed strategies for constructing graphene-based platforms and target determination. It also covers other bio-analytical applications including cellular imaging, drug delivery and bacteria inhibition, before turning to a discussion of future challenges and prospects of graphene in bio-analytical applications. This book is intended for researchers working in the fields of analytical chemistry, nanomaterials and biomedical engineering. Li Niu is a Professor at the State Key Laboratory of Electroanalytical Chemistry, Changchun Institute of Applied Chemistry, Chinese Academy of Sciences. 410 0$aSpringerBriefs in Molecular Science,$x2191-5407 606 $aAnalytical chemistry 606 $aNanotechnology 606 $aBiomedical engineering 606 $aMaterials?Surfaces 606 $aThin films 606 $aBiomaterials 606 $aAnalytical Chemistry$3https://scigraph.springernature.com/ontologies/product-market-codes/C11006 606 $aNanotechnology$3https://scigraph.springernature.com/ontologies/product-market-codes/Z14000 606 $aBiomedical Engineering and Bioengineering$3https://scigraph.springernature.com/ontologies/product-market-codes/T2700X 606 $aSurfaces and Interfaces, Thin Films$3https://scigraph.springernature.com/ontologies/product-market-codes/Z19000 606 $aBiomaterials$3https://scigraph.springernature.com/ontologies/product-market-codes/Z13000 615 0$aAnalytical chemistry. 615 0$aNanotechnology. 615 0$aBiomedical engineering. 615 0$aMaterials?Surfaces. 615 0$aThin films. 615 0$aBiomaterials. 615 14$aAnalytical Chemistry. 615 24$aNanotechnology. 615 24$aBiomedical Engineering and Bioengineering. 615 24$aSurfaces and Interfaces, Thin Films. 615 24$aBiomaterials. 676 $a54 676 $a543 676 $a610.28 676 $a620.11 700 $aHu$b Yuwei$4aut$4http://id.loc.gov/vocabulary/relators/aut$0991426 702 $aLi$b Fenghua$4aut$4http://id.loc.gov/vocabulary/relators/aut 702 $aHan$b Dongxue$4aut$4http://id.loc.gov/vocabulary/relators/aut 702 $aNiu$b Li$4aut$4http://id.loc.gov/vocabulary/relators/aut 801 0$bMiAaPQ 801 1$bMiAaPQ 801 2$bMiAaPQ 906 $aBOOK 912 $a9910298631003321 996 $aBiocompatible Graphene for Bioanalytical Applications$92268942 997 $aUNINA